Couleurs qui sont des fruits - Statistiques

Statistiques générales
  • Ce quiz a été pris 512 fois
  • Le résultat moyen est 14 sur 30
Statistiques - réponses
Teinte Réponse % Correct
? Orange
94%
? Fraise
84%
? Framboise
83%
? Citron
81%
? Pomme
81%
? Banane
70%
? Cerise
67%
? Pêche
66%
? Prune
60%
? Mûre
59%
? Groseille
53%
? Abricot
52%
? Tomate
52%
? Mandarine
50%
? Marron
46%
? Melon
45%
? Pastèque
45%
? Ananas
42%
? Grenade
40%
? Cassis
35%
? Avocat
32%
? Noisette
32%
? Olive
26%
? Papaye
26%
? Figue de Barbarie
25%
? Fruit de la passion
23%
? Goyave
21%
? Amande
19%
? Kumquat
7%
? Quetsche
4%
Aucun quiz correspondant
Distribution des résultats
% des personnes avec chaque résultat
Percentile par nombre de réponses
Votre historique - résultats
Vous n’avez pas pris ce quiz